00932cam a22002411 45000010005000000030008000050050017000130080041000300350016000710400027000870410008001140820021001221000031001432450151001742600052003253000031003775040019004086100042004276500046004699420012005159990015005279520148005424502BD-RjUL20211208233913.0131222s1960 nyu 001 0 eng d aBD-RjUL4537 aDLCcDLCbengdBD-RjUL aeng04223a347.09 bSCC1 aSchubert, Glendon A.9583210aConstitutional politics :bthe political behavior of Supreme Court justices and the constitutional policies that they make /cSchubert, Glendon A. aNew York :bHolt, Rinehart and Winston,c[1960] a735 p. :billus. ;c25 cm. aIncludes Index10aUnited States.bSupreme Court.914237 0aConstitutional lawzUnited States.914231 2ddccBK c4502d4502 00102ddc40718NFICaRUCLbRUCLcReadingd1963-02-02eMirza book agencyg42.50l0o347.09 SCC 1960r2013-12-22 00:00:00tC-1w2021-12-08yBK